Memorandum by the Quantity Surveyors Committee as an introduction to the scale no. 38 - scale of professional charges for quantity surveying services for civil engineering works (Record no. 88560)

MARC details
000 -LEADER
fixed length control field 00803cam a2200229 4500
001 - CONTROL NUMBER
control field ##D15677
008 - FIXED-LENGTH DATA ELEMENTS--GENERAL INFORMATION
fixed length control field 090401t1965 xxu||||| |||| 00| 0 eng d
035 ## - SYSTEM CONTROL NUMBER
System control number (Sirsi) u24523
041 0# - LANGUAGE CODE
Language code of text/sound track or separate title eng
050 04 - LIBRARY OF CONGRESS CALL NUMBER
Classification number 331.2166 $2 18
110 2# - MAIN ENTRY--CORPORATE NAME
Corporate name or jurisdiction name as entry element Royal Institution of Chartered Surveyors
9 (RLIN) 4900
245 00 - TITLE STATEMENT
Title Memorandum by the Quantity Surveyors Committee as an introduction to the scale no. 38 - scale of professional charges for quantity surveying services for civil engineering works
260 ## - PUBLICATION, DISTRIBUTION, ETC.
Place of publication, distribution, etc. London
Name of publisher, distributor, etc. RICS
Date of publication, distribution, etc. 1965
300 ## - PHYSICAL DESCRIPTION
Extent 4p.
Dimensions 21cm.
650 ## - SUBJECT ADDED ENTRY--TOPICAL TERM
Topical term or geographic name entry element FEE SCALES
650 ## - SUBJECT ADDED ENTRY--TOPICAL TERM
Topical term or geographic name entry element PROFESSIONAL CHARGES
650 ## - SUBJECT ADDED ENTRY--TOPICAL TERM
Topical term or geographic name entry element PROFESSIONAL FEES
650 ## - SUBJECT ADDED ENTRY--TOPICAL TERM
Topical term or geographic name entry element QUANTITY SURVEYORS' FEES
690 ## - LOCAL SUBJECT ADDED ENTRY--TOPICAL TERM (OCLC, RLIN)
Topical term or geographic name as entry element ABOUT RICS-RICS MEMBERS-CHARTERED SURVEYORS-CHARTERED QUANTITY SURVEYORS
942 ## - ADDED ENTRY ELEMENTS (KOHA)
Suppress in OPAC 0
948 ## - LOCAL PROCESSING INFORMATION (OCLC); SERIES PART DESIGNATOR (RLIN)
c (OCLC) 04/03/1997
Holdings
Withdrawn status Lost status Source of classification or shelving scheme Damaged status Not for loan Home library Current library Shelving location Date acquired Total Checkouts Full call number Barcode Date last seen Copy number Price effective from Koha item type
    Other/Generic Classification Scheme     London London RICS Boxes 20/08/1991   1965/3 30023229 06/08/2019 1 06/08/2019 Reference material
    Other/Generic Classification Scheme     London London RICS Boxes 20/08/1991   1965/3 30006055 06/08/2019 2 06/08/2019 Reference material